000 00215nam a22000977a 4500
100 _a خان آفتاب
245 _aخوراک اور نگھداشت
260 _aلاھور
_c1988
300 _a189پ
942 _cBK
999 _c14967
_d14967